000 00666nam a2200241 a 4500
001 53745
003 BD-RjUL
005 20211209080020.0
008 161024s1959 enka b 001 0 eng d
035 _a(BD-RjUL)53867
040 _aDLC
_cDLC
_dDLC
_d(BD-RjUL)
_beng
041 _aeng
082 0 0 _a547
_bENP 1959
_223
100 1 _aGeissman, T A
_d1912-
_931787
245 1 0 _aPrinciples of organic chemistry /
_cT A Geissman
250 _a2nd ed.
260 _aNew York :
_bMcGraw-Hill ;
_cc1959
300 _aviii, 634 p. ;
_bill, ;
_c23 cm.
500 _aIncludes index
650 0 _aChemistry, Organic.
_931788
942 _2ddc
_cBK
999 _c53745
_d53745